ბათუმის შოთა რუსთაველის სახელმწიფო უნივერსიტეტის ბიბლიოთეკა

ფილოსოფიის საკითხები. (ბიბ.ჩანაწერი № 35388)

000 -LEADER
fixed length control field 00643nam a2200217Ia 4500
001 - CONTROL NUMBER
control field 1241
003 - CONTROL NUMBER IDENTIFIER
control field GE_BSU
008 - FIXED-LENGTH DATA ELEMENTS--GENERAL INFORMATION
fixed length control field 181216s||||||||xx |||||||||||||| ||und||
020 ## - INTERNATIONAL STANDARD BOOK NUMBER
International Standard Book Number 9994072390
040 ## - CATALOGING SOURCE
Transcribing agency GE_BSU
080 ## - UNIVERSAL DECIMAL CLASSIFICATION NUMBER
Universal Decimal Classification number 122/129
100 ## - MAIN ENTRY--PERSONAL NAME
Personal name კუკანია,ალექსანდრე; კუკანია, ვასილ;
245 ## - TITLE STATEMENT
Title ფილოსოფიის საკითხები.
260 ## - PUBLICATION, DISTRIBUTION, ETC.
Place of publication, distribution, etc. თბილისი
260 ## - PUBLICATION, DISTRIBUTION, ETC.
Name of publisher, distributor, etc. ზეკარი
260 ## - PUBLICATION, DISTRIBUTION, ETC.
Date of publication, distribution, etc. 2004
300 ## - PHYSICAL DESCRIPTION
Extent 272 გვ.
653 ## - INDEX TERM--UNCONTROLLED
Uncontrolled term ფილოსოფიის საკითხები
942 ## - ADDED ENTRY ELEMENTS (KOHA)
Koha item type წიგნი
ეგზემპლარები
Withdrawn status Lost status Damaged status Not for loan Date acquired Barcode Date last seen Price effective from Koha item type
        2018-12-17 2765 2018-12-17 2018-12-17 წიგნი